000 00623nam a2200217Ia 4500
999 _c41254
_d41254
001 7907
003 GE_BSU
005 20220930115517.0
008 181216sru 2012xx |||||||||||||| ||rus||
020 _a978991616195
040 _cGE_BSU
041 _arus
080 _a544(075.8) Щ-95
100 _aЩукин,Е.Д.
_914915
245 _aКоллоидная химия /
_cЕ.Д. Щукин
264 _aМосква :
_bИзд-во Юрайт,
_c2012.
300 _a444 стр.:
_c22 см.
653 _aКоллоидная химия
653 _aკოლოიდური ქიმია
942 _cBK
_2udc